| 000 | 00865nam a2200289 a 4500 | ||
|---|---|---|---|
| 001 | BRL_1335 | ||
| 005 | 20190320211144.0 | ||
| 008 | 070114s1985----enkao#####---#000-0#eng-# | ||
| 020 | _a0714180319 | ||
| 041 | _aeng | ||
| 044 | _aenk | ||
| 050 | 4 |
_aGT625 _b.S29 1985 |
|
| 100 | 1 |
_aSayer, Chloë _94413 |
|
| 245 | 1 | 0 |
_aMexican costume _cCholë Sayer. |
| 260 |
_aLondon _bBritish Museum Publications _c1985 |
||
| 300 |
_a240 p. _bil., fotografías (a color) _c28 cm. |
||
| 440 | 0 |
_aA Colonnade book _926561 |
|
| 500 | _aAu1567 | ||
| 500 | _aIncluye dedicatoria a Ruth Lechuga | ||
| 500 | _aIncluye índice | ||
| 504 | _aBibliografía: p. 236-238 | ||
| 650 | 1 | 4 |
_aIndumentaria _xHistoria _zMéxico _94813 |
| 650 | 1 | 4 |
_aPrendas de vestir _xHistoria _zMéxico _91835 |
| 650 | 1 | 4 |
_aIndígenas de México _xRopa - Historia _926562 |
| 902 | _aGRL | ||
| 942 |
_2lcc _cB |
||
| 999 |
_c10147 _d10147 |
||